000 01273nam0a22002651 4500
001 rc\4586246
005 20260408015557.0
021 _aRU
_b[63-10928]
035 _a(NLR Aleph) 008659191
090 _a9050554
_c9050554
100 _a20130416d1963 |||y0rusy50 ca
101 0 _arus
102 _aRU
105 _ay z |||||
200 1 _aМетодика преподавания народного танца в коллективах художественной самодеятельности
_fГл. упр. проф.-техн. образования при Совете Министров РСФСР. Отд. воспитательной и культ.-массовой работы
210 _aМосква
_cПрофтехиздат
_d1963
215 _a56 с.
_d22
606 _aХореографическая самодеятельность
_jМетодические пособия
_2psbo
606 _aТанцы
_jМетодические пособия
_2psbo
712 0 1 _aРСФСР
_bГлавное управление профессионально-технического образования
_3RU\NLR\AUTH\8810178785
_9853669
801 0 _aRU
_bNLR
_gpsbo
801 1 _aRU
_bELAR
_2rusmarc
852 _aNLR
_j63-6/2754
942 _cBOOK
980 _aNB